000
00278nam a2200121Ia 4500
008
190216s9999||||xx |||||||||||||| ||und||
100
_a
Stanley Weyman
245
2
_a
A Gentleman Of France
260
_b
Longmans
_c
1965
300
_a
154p
650
_a
English Novel
942
_c
BK
999
_c
11716
_d
11716